00467pam a2200169 a 4500020002400000040002300024041001000047082001900057100002400076245006000100250001700160260005500177300001400232365001100246653001600257700002400273 c500.00 (Hard Cover) aDental College Lib aengh a617.634 2bMCL aMcLaughlin, Gerald. aColor Atlas of Tooth Whitening / c.hTextual Documents a1st ed / b. aMissouri : bIshiyaku Euro America, Inc. , c1991. a446 ; c. a500.00 aEndodontics aFreedman, George A.